000 00920cam a22003017a 4500
003 CHAP
005 20220329141436.0
008 971013s1952 r 00010 d
010 _a68184
011 _a69156
035 _a78631
040 _cCHAP
082 _a575.1
_bH8y
100 0 0 _aHuxley, Julian Sorell.
_957054
245 1 3 _aLa genética soviética y la ciencia mundial
_b: Lisenko y el significado de la herencia
260 _aMéxico :
_bHermes,
_c1952
300 _a247 p.
500 _a27-67
590 _aBATCH-UPD
_b10
_c20130110
_lUCH01
_h1817
590 _aBATCH-UPD
_b10
_c20130410
_lUCH01
_h1151
590 _aBATCH-UPD
_b10
_c20130914
_lUCH01
_h1535
590 _aCONVERSION
_b10
_c20130109
_lUCH01
_h1337
650 1 4 _aGenética.
_947469
700 0 _aLysenko, Trofim Desinovich.
_969298
901 _aBK
942 _cLIBRO
949 _a575.1 H8y
_bBC
_cLIBRO
_d33724000425658
_eLIBRO
_h73492
_i78631
_si
999 _c68184
_d68184